000 00604nam a2200229Ia 4500
003 OSt
005 20230511162633.0
008 210423s2014 xx 000 0 und d
020 _a978-93-5084-612-4
040 _cAL
041 _aeng
082 _a664.8 MALH
100 _aMALHOTRA (Kirian)
_9103934
245 _aHandbook of fruits and vegetables
260 _aNew Delhi
_bCentrum Press
_c2014
300 _aviii,279
_bHB
365 _b3000
_cINR
650 _aFood Technology
_9103935
650 _aFruits & Vegetables
_9103936
906 _afruits ; Handbook ; vegetables
942 _2ddc
_cBK
999 _c166134
_d166134